[Event "LUX-chT 2016/17"]
[Site "Luxembourg"]
[Date "2017.02.05"]
[Round "7"]
[White "Gaspar, Lucien"]
[Black "Ghavami, Seyed Reza"]
[Result "1/2-1/2"]
[WhiteElo "2121"]
[BlackElo "1998"]
[PlyCount "96"]
[EventDate "2016.09.25"]
[EventType "team-tourn"]
[EventRounds "10"]
[EventCountry "LUX"]
[SourceTitle "EXT 2018"]
[Source "ChessBase"]
[SourceDate "2017.10.13"]
[SourceVersion "1"]
[SourceVersionDate "2017.10.13"]
[SourceQuality "1"]

1. d4 d5 2. Nf3 Nf6 3. c4 e6 4. Nc3 c6 5. cxd5 exd5 6. Bg5 Be7 7. Qc2 0-0 8. e3 Re8 9. Bd3 h6 10. Bh4 Nbd7 11. 0-0 Ne4 12. Bxe7 Qxe7 13. Bxe4 dxe4 14. Nd2 Nf6 15. Rae1 b6 16. f3 Ba6 17. Ndxe4 Bxf1 18. Kxf1 Nd5 19. Nxd5 cxd5 20. Nc3 Rac8 21. Qf5 Rcd8 22. Nxd5 Qd6 23. Nf4 Qb4 24. Re2 Qc4 25. b3 Qc1+ 26. Kf2 Rc8 27. Nd5 Re6 28. h3 Rd8 29. Nf4 Rc6 30. Qe4 Rcc8 31. Nd5 Re8 32. Qf5 Rcd8 33. Nf4 Qd1 34. Qd3 Qh1 35. Re1 Qh2 36. Qd1 Rc8 37. Rh1 Rc2+ 38. Qxc2 Qxh1 39. d5 Qa1 40. Nd3 Qf6 41. Nf4 Rd8 42. Qc7 a6 43. e4 Rd6 44. Ne2 g5 45. Ke3 Qe5 46. Qc4 b5 47. Qd4 Qe7 48. Ng3 Rf6 1/2-1/2

[Event "Luxembourg-chT 1213"]
[Site "Luxembourg"]
[Date "2012.10.??"]
[Round "1"]
[White "Wians, Camille"]
[Black "Gaspar, Lucien"]
[Result "1-0"]
[WhiteElo "2180"]
[BlackElo "2135"]
[PlyCount "43"]
[EventDate "2012.10.??"]
[EventType "team-tourn"]
[EventRounds "10"]
[EventCountry "LUX"]
[SourceTitle "EXT 2017"]
[Source "ChessBase"]
[SourceDate "2016.10.25"]
[SourceVersion "1"]
[SourceVersionDate "2016.10.25"]
[SourceQuality "1"]

1. d4 c5 2. c3 Nf6 3. Nf3 d6 4. dxc5 dxc5 5. Qxd8+ Kxd8 6. Bf4 Nc6 7. Na3 Bd7 8. 0-0-0 Ne4 9. Bg3 Ke8 10. e3 g6 11. Bh4 Bg7 12. Bd3 Nd6 13. Rd2 h6 14. h3 Be6 15. Kb1 a6 16. Rhd1 Rd8 17. Bg3 g5 18. Bc2 Nc4 19. Nxc4 Bxc4 20. Bc7 Rxd2 21. Rxd2 Bf8 22. Ne5 1-0

[Event "Luxembourg-chT 1112"]
[Site "Luxembourg"]
[Date "2012.04.10"]
[Round "8"]
[White "Gaspar, Lucien"]
[Black "Ajdarpasic, Kemal"]
[Result "1-0"]
[WhiteElo "2135"]
[BlackElo "2031"]
[PlyCount "65"]
[EventDate "2011.10.??"]
[EventType "team-tourn"]
[EventRounds "10"]
[EventCountry "LUX"]
[SourceTitle "EXT 2017"]
[Source "ChessBase"]
[SourceDate "2016.10.25"]
[SourceVersion "1"]
[SourceVersionDate "2016.10.25"]
[SourceQuality "1"]

1. d4 Nf6 2. Bg5 Ne4 3. Bf4 g6 4. f3 Nf6 5. e4 d5 6. Nc3 dxe4 7. fxe4 Bg7 8. Nf3 c6 9. Qd2 0-0 10. Bh6 Bg4 11. Bxg7 Kxg7 12. Ne5 Be6 13. Be2 Nbd7 14. Nf3 b5 15. Ng5 Bg4 16. e5 Bxe2 17. Qxe2 Nd5 18. Nxd5 cxd5 19. e6 Qa5+ 20. c3 f6 21. exd7 fxg5 22. Qe5+ Kh6 23. h4 g4 24. Qg5+ Kg7 25. Qxe7+ Rf7 26. Qe5+ Kg8 27. Rf1 Rxf1+ 28. Kxf1 Qd8 29. Qxd5+ Kg7 30. Re1 Qxh4 31. Qxa8 Qf6+ 32. Kg1 Qh4 33. Qe4 1-0

[Event "Luxembourg-chT 1112"]
[Site "Luxembourg"]
[Date "2012.03.10"]
[Round "6"]
[White "Gaspar, Lucien"]
[Black "Oberweis, Paul"]
[Result "1-0"]
[WhiteElo "2135"]
[BlackElo "2072"]
[PlyCount "121"]
[EventDate "2011.10.??"]
[EventType "team-tourn"]
[EventRounds "10"]
[EventCountry "LUX"]
[SourceTitle "EXT 2017"]
[Source "ChessBase"]
[SourceDate "2016.10.25"]
[SourceVersion "1"]
[SourceVersionDate "2016.10.25"]
[SourceQuality "1"]

1. d4 Nf6 2. c4 g6 3. Nc3 Bg7 4. e4 d6 5. Bd3 0-0 6. Nge2 Nc6 7. 0-0 Nh5 8. Be3 e5 9. d5 Nd4 10. Bxd4 exd4 11. Nb5 c5 12. dxc6 bxc6 13. Nbxd4 c5 14. Nb5 Bxb2 15. Rb1 Bg7 16. Qd2 Be6 17. Rfd1 Qe7 18. Nbc3 Nf6 19. Ng3 Ng4 20. Nh1 Qh4 21. h3 Ne5 22. Qe2 Bxh3 23. gxh3 Qxh3 24. Ng3 h5 25. Nd5 Ng4 26. Bc2 h4 27. Nf1 Ne5 28. Rb3 Qd7 29. Nh2 Rab8 30. Rdb1 Rxb3 31. Bxb3 f5 32. Bc2 f4 33. f3 Qh3 34. Ba4 g5 35. Ne7+ Kh7 36. Nf5 g4 37. Qg2 Qxg2+ 38. Kxg2 h3+ 39. Kh1 g3 40. Rb7 Rg8 41. Bd1 gxh2 42. Kxh2 Kh8 43. Kxh3 Bf6 44. Kh2 Rg5 45. Nxd6 Rh5+ 46. Kg2 Bh4 47. Nf7+ Nxf7 48. Rxf7 Bg3 49. Rxa7 Rh2+ 50. Kf1 Rf2+ 51. Kg1 Rd2 52. Bb3 Bf2+ 53. Kg2 Be3+ 54. Kh3 Rf2 55. Kg4 Rg2+ 56. Kf5 Rg3 57. e5 Rxf3 58. e6 Rg3 59. e7 Rg8 60. Ke4 Re8 61. Ba4 1-0

[Event "Budapest FS04 FM-A"]
[Site "Budapest"]
[Date "2003.??.??"]
[Round "13"]
[White "Dobos, Otto"]
[Black "Gaspar, Lucien"]
[Result "1-0"]
[WhiteElo "2115"]
[BlackElo "1970"]
[PlyCount "69"]
[EventDate "2003.04.05"]
[EventType "tourn"]
[EventRounds "13"]
[EventCountry "HUN"]
[SourceTitle "EXT 2005"]
[Source "ChessBase"]
[SourceDate "2004.11.15"]
[SourceVersion "1"]
[SourceVersionDate "2004.11.15"]
[SourceQuality "1"]

1. d4 d5 2. Nf3 Nf6 3. Bf4 e6 4. e3 Bd6 5. Ne5 Nbd7 6. Nd2 Qe7 7. c3 c5 8. Bd3 0-0 9. h3 c4 10. Bb1 Nb8 11. 0-0 b6 12. Qc2 g6 13. Bg5 Qd8 14. e4 Be7 15. exd5 exd5 16. Qd1 Nfd7 17. Bxe7 Qxe7 18. Re1 Qd6 19. Qf3 b5 20. a4 Nb6 21. axb5 f6 22. Ng4 Bd7 23. Ra5 a6 24. bxa6 Nxa6 25. Bc2 Nc7 26. Rxa8 Nbxa8 27. b4 cxb3 28. Nxb3 Nb6 29. Nc5 Kg7 30. Nb7 Qa3 31. Nc5 Rf7 32. Qg3 Bxg4 33. hxg4 Qb2 34. Qd3 Nb5 35. Rb1 1-0

[Event "Budapest FS04 FM-A"]
[Site "Budapest"]
[Date "2003.??.??"]
[Round "4"]
[White "Fodor, Istvan"]
[Black "Gaspar, Lucien"]
[Result "1/2-1/2"]
[WhiteElo "2075"]
[BlackElo "1970"]
[PlyCount "59"]
[EventDate "2003.04.05"]
[EventType "tourn"]
[EventRounds "13"]
[EventCountry "HUN"]
[SourceTitle "EXT 2005"]
[Source "ChessBase"]
[SourceDate "2004.11.15"]
[SourceVersion "1"]
[SourceVersionDate "2004.11.15"]
[SourceQuality "1"]

1. d4 d5 2. c4 c6 3. Nf3 Nf6 4. Nc3 e6 5. Bg5 Nbd7 6. cxd5 exd5 7. e3 Bd6 8. Bd3 0-0 9. Qc2 h6 10. Bh4 Re8 11. 0-0 Nb6 12. Bg3 Be6 13. Rac1 Bxg3 14. hxg3 Ng4 15. Ne2 Nd7 16. Nf4 Ndf6 17. Nd2 Bd7 18. b4 Qe7 19. Rfe1 Ne4 20. Bxe4 dxe4 21. Qc5 Qf6 22. Rf1 g5 23. Ne2 Qg6 24. Rfe1 Qh5 25. Nf1 Re6 26. Nc3 Qg6 27. a4 Rf6 28. Nd1 b6 29. Qc4 h5 30. Qc2 1/2-1/2

[Event "Budapest FS04 FM-A"]
[Site "Budapest"]
[Date "2003.??.??"]
[Round "10"]
[White "Gaspar, Lucien"]
[Black "Zilahi, Gabor"]
[Result "0-1"]
[WhiteElo "1970"]
[BlackElo "2075"]
[PlyCount "100"]
[EventDate "2003.04.05"]
[EventType "tourn"]
[EventRounds "13"]
[EventCountry "HUN"]
[SourceTitle "EXT 2005"]
[Source "ChessBase"]
[SourceDate "2004.11.15"]
[SourceVersion "1"]
[SourceVersionDate "2004.11.15"]
[SourceQuality "1"]

1. e4 c6 2. d4 d5 3. e5 Bf5 4. Nf3 e6 5. Be2 Nd7 6. Nbd2 h5 7. Nb3 Be7 8. h3 Nh6 9. Be3 Qc7 10. Qd2 0-0-0 11. 0-0 Rdg8 12. Kh1 Qd8 13. Nc5 Ng4 14. Ng5 Bxg5 15. Bxg5 f6 16. exf6 gxf6 17. Bf4 Nxc5 18. dxc5 Ne5 19. b4 Nc4 20. Qc3 e5 21. Bxc4 exf4 22. Bd3 Qd7 23. Bxf5 Qxf5 24. Qd3 Qd7 25. Rad1 Rg5 26. c4 Rhg8 27. Rg1 Qe6 28. cxd5 Rxd5 29. Qb3 Qe4 30. Rxd5 cxd5 31. f3 Qe6 32. a4 Rd8 33. Qd3 d4 34. Rd1 Qe5 35. Qe4 Rd5 36. Kg1 a5 37. b5 d3 38. Qc4 Qe3+ 39. Kh2 Qxc5 40. Qxc5+ Rxc5 41. Rxd3 Rc4 42. Ra3 h4 43. Ra2 Kd7 44. Rd2+ Ke6 45. Re2+ Kd6 46. Re4 Rxe4 47. fxe4 Ke5 48. Kg1 Kxe4 49. Kf2 f5 50. Ke2 b6 0-1

[Event "EU-Cup 18th"]
[Site "Kallithea"]
[Date "2002.09.26"]
[Round "5.5"]
[White "Gaspar, Lucien"]
[Black "Thiede, Lars"]
[Result "0-1"]
[WhiteElo "2142"]
[BlackElo "2416"]
[PlyCount "58"]
[EventDate "2002.09.22"]
[EventType "team-swiss"]
[EventRounds "7"]
[EventCountry "GRE"]
[SourceTitle "CBM 092"]
[Source "ChessBase"]
[SourceDate "2003.02.06"]
[SourceVersion "1"]
[SourceVersionDate "2003.02.06"]
[SourceQuality "1"]
[WhiteTeam "Dudelange"]
[BlackTeam "Berlin SF"]
[WhiteTeamCountry "LUX"]
[BlackTeamCountry "GER"]

1. d4 g6 2. c4 Nf6 3. Nc3 Bg7 4. e4 d6 5. Be2 0-0 6. Bg5 c6 7. Qd2 a6 8. f4 b5 9. e5 b4 10. exf6 exf6 11. Bh4 bxc3 12. bxc3 Bf5 13. Nf3 Re8 14. 0-0 Qa5 15. Rfe1 Nd7 16. Bd3 Rxe1+ 17. Rxe1 Bxd3 18. Qxd3 Qxa2 19. Bg3 f5 20. Re2 Qa5 21. Bh4 Nf6 22. Bxf6 Bxf6 23. Rb2 Qc7 24. h3 a5 25. Qb1 a4 26. Qa2 c5 27. Rb5 a3 28. Kh2 Kg7 29. Kh1 Qe7 0-1

[Event "Luxembourg-chT 9900"]
[Site "Luxembourg"]
[Date "1999.10.24"]
[Round "1"]
[White "Gaspar, Lucien"]
[Black "Nizhegorodova, Marina"]
[Result "0-1"]
[WhiteElo "2164"]
[BlackElo "2275"]
[PlyCount "114"]
[EventDate "1999.10.24"]
[EventType "team"]
[EventRounds "10"]
[EventCountry "LUX"]
[SourceTitle "EXT 2005"]
[Source "ChessBase"]
[SourceDate "2004.11.15"]
[SourceVersion "1"]
[SourceVersionDate "2004.11.15"]
[SourceQuality "1"]

1. d4 d5 2. c4 c6 3. Nf3 Nf6 4. Nc3 e6 5. e3 Nbd7 6. Qc2 Bd6 7. g4 Qe7 8. g5 Nh5 9. cxd5 exd5 10. Be2 g6 11. Bd2 Nb6 12. e4 dxe4 13. Qxe4 Bf5 14. Qxe7+ Bxe7 15. Ne5 Ng7 16. h4 Ne6 17. Be3 Rf8 18. 0-0-0 0-0-0 19. Rhg1 f6 20. Nc4 Nd5 21. Nxd5 cxd5 22. Na3 fxg5 23. hxg5 Be4 24. Bg4 Rd6 25. Nb5 Rc6+ 26. Nc3 Kb8 27. Bxe6 Rxe6 28. Rg3 Bd6 29. Rh3 Rf7 30. Nxe4 Rxe4 31. Rdh1 Ree7 32. Kd2 Kc8 33. Rh4 Kd8 34. Rc1 Rc7 35. Rc2 Rxc2+ 36. Kxc2 Kd7 37. Kd3 Ke6 38. Rh3 Rc7 39. Rf3 Rf7 40. Rh3 Ke7 41. Rh4 Kf8 42. Rh1 Kg7 43. Rh4 Re7 44. Rh3 Rf7 45. Rh4 b6 46. Rh3 Kf8 47. Ke2 Ke8 48. Kd3 Kd7 49. Ke2 Ke6 50. Kd3 b5 51. Ke2 a5 52. Kd3 a4 53. Ke2 Rc7 54. Kd3 b4 55. Rf3 a3 56. b3 Rc3+ 57. Kd2 Rxb3 0-1

[Event "Metz op 15th"]
[Site "Metz"]
[Date "1997.??.??"]
[Round "2"]
[White "Georgiev, Kiril"]
[Black "Gaspar, Lucien"]
[Result "1-0"]
[WhiteElo "2645"]
[BlackElo "2165"]
[PlyCount "99"]
[EventDate "1997.04.??"]
[EventType "swiss"]
[EventRounds "9"]
[EventCountry "FRA"]
[SourceTitle "EXT 1999"]
[Source "ChessBase"]
[SourceDate "1998.11.16"]
[SourceVersion "1"]
[SourceVersionDate "1998.11.16"]
[SourceQuality "1"]

1. d4 Nf6 2. Nf3 d6 3. Nc3 g6 4. e4 Bg7 5. g3 0-0 6. Bg2 Nc6 7. h3 e5 8. Be3 exd4 9. Nxd4 Bd7 10. 0-0 Re8 11. f4 Nxd4 12. Bxd4 Bc6 13. Re1 a6 14. Qd3 Qe7 15. a4 Qf8 16. b4 Nh5 17. Kh2 Bxd4 18. Qxd4 Qg7 19. Qc4 g5 20. f5 Qe5 21. Qd3 Nf6 22. Nd5 Rec8 23. a5 Kg7 24. c4 Nd7 25. Nc3 Nf6 26. Nd5 Nd7 27. Qd2 h6 28. Rac1 Nf6 29. Rc3 Rab8 30. Rb3 b6 31. Ra3 bxa5 32. Nxf6 Rxb4 33. Nd5 Rxc4 34. Rxa5 Bb5 35. Rc1 Rd4 36. Qc3 c5 37. Raa1 Kh7 38. Ra2 h5 39. Rd2 Rc6 40. Kh1 Rc4 41. Qa3 Rxc1+ 42. Qxc1 Qxg3 43. Ra2 Kh6 44. Ra3 Qe5 45. h4 f6 46. Nxf6 Qxf6 47. Rg3 Kh7 48. Rxg5 Be2 49. e5 dxe5 50. Qd2 1-0

[Event "Luxembourg op"]
[Site "Luxembourg"]
[Date "1996.??.??"]
[Round "6"]
[White "Gaspar, Lucien"]
[Black "Paulus, Sammy"]
[Result "1-0"]
[WhiteElo "2160"]
[BlackElo "1765"]
[PlyCount "135"]
[EventDate "1996.??.??"]
[EventType "swiss"]
[EventRounds "9"]
[EventCountry "LUX"]
[SourceTitle "EXT 2005"]
[Source "ChessBase"]
[SourceDate "2004.11.15"]
[SourceVersion "1"]
[SourceVersionDate "2004.11.15"]
[SourceQuality "1"]

1. d4 d5 2. c4 e6 3. Nc3 Nf6 4. cxd5 exd5 5. Bg5 Be7 6. e3 c6 7. Bd3 0-0 8. Qc2 h6 9. Bh4 Re8 10. Nge2 Ne4 11. Bxe7 Qxe7 12. Bxe4 dxe4 13. Ng3 f5 14. 0-0 Kh8 15. f3 Qg5 16. fxe4 Qxe3+ 17. Kh1 f4 18. Nge2 Bg4 19. Rxf4 Bxe2 20. Nxe2 g5 21. Rf7 Qxe4 22. Qxe4 Rxe4 23. Ng3 Rxd4 24. Rxb7 Rd7 25. Rxd7 Nxd7 26. Rd1 Ne5 27. Rd6 Kh7 28. h3 Rf8 29. Re6 Nd3 30. Rxc6 Nxb2 31. Rc7+ Kg6 32. Rxa7 g4 33. Kh2 gxh3 34. Kxh3 Rf4 35. Ra6+ Kg5 36. Ra5+ Kg6 37. Ne2 Rc4 38. Ng1 Rf4 39. Nf3 Re4 40. Ra6+ Kg7 41. Kg3 Nd3 42. Rd6 Ne1 43. Nxe1 Rxe1 44. a4 Re4 45. Ra6 Rc4 46. Kf3 Rb4 47. a5 Ra4 48. g4 Kh7 49. Kg3 Kg7 50. Ra8 Kg6 51. a6 Ra5 52. Kf4 Kg7 53. Ke4 Kh7 54. Kd4 Ra4+ 55. Kc5 Rxg4 56. Rd8 Ra4 57. Kb6 Kg6 58. a7 Rxa7 59. Kxa7 h5 60. Kb6 Kg5 61. Kc5 h4 62. Kd4 Kf4 63. Rh8 Kg3 64. Ke3 h3 65. Rg8+ Kh2 66. Kf2 Kh1 67. Kg3 h2 68. Rc8 1-0

[Event "Luxembourg op"]
[Site "Luxembourg"]
[Date "1996.??.??"]
[Round "4"]
[White "Haensel, Jean Marie"]
[Black "Gaspar, Lucien"]
[Result "0-1"]
[WhiteElo "1935"]
[BlackElo "2170"]
[PlyCount "82"]
[EventDate "1996.??.??"]
[EventType "swiss"]
[EventRounds "9"]
[EventCountry "LUX"]
[SourceTitle "EXT 2005"]
[Source "ChessBase"]
[SourceDate "2004.11.15"]
[SourceVersion "1"]
[SourceVersionDate "2004.11.15"]
[SourceQuality "1"]

1. d4 Nf6 2. c4 c5 3. d5 b5 4. cxb5 a6 5. bxa6 g6 6. Nc3 Bxa6 7. f4 Bg7 8. Nf3 0-0 9. e4 Bxf1 10. Rxf1 d6 11. e5 Ne8 12. e6 fxe6 13. Ng5 Nc7 14. dxe6 Nc6 15. Nd5 Nxd5 16. Qxd5 Nd4 17. Kf2 Qc8 18. Nf3 Qxe6 19. Qxe6+ Nxe6 20. g3 Rfb8 21. Re1 Kf7 22. Re2 Ra4 23. a3 c4 24. Rb1 Rxa3 25. Be3 Ra2 26. Bc1 h6 27. Be3 Rbxb2 28. Rbxb2 Rxb2 29. Rxb2 Bxb2 30. Ke2 Bc3 31. Kd1 Kf6 32. Kc2 Bb4 33. g4 Bc5 34. Bxc5 Nxc5 35. Kc3 Ne6 36. Kxc4 Nxf4 37. Kd4 e5+ 38. Ke3 d5 39. Kd2 Ne6 40. Ke3 e4 41. Ng1 Ke5 0-1

[Event "Luxembourg op"]
[Site "Luxembourg"]
[Date "1996.??.??"]
[Round "7"]
[White "Menghi, Carlo"]
[Black "Gaspar, Lucien"]
[Result "0-1"]
[WhiteElo "2225"]
[BlackElo "2160"]
[PlyCount "88"]
[EventDate "1996.??.??"]
[EventType "swiss"]
[EventRounds "9"]
[EventCountry "LUX"]
[SourceTitle "EXT 2005"]
[Source "ChessBase"]
[SourceDate "2004.11.15"]
[SourceVersion "1"]
[SourceVersionDate "2004.11.15"]
[SourceQuality "1"]

1. c4 Nf6 2. g3 g6 3. Bg2 Bg7 4. Nc3 d6 5. a3 a5 6. Rb1 0-0 7. d3 e5 8. e4 Nc6 9. Nge2 Nh5 10. 0-0 Be6 11. Be3 Qd7 12. Nd5 f5 13. exf5 Bxf5 14. Qd2 Rf7 15. Kh1 Bh3 16. f4 Bxg2+ 17. Kxg2 Raf8 18. h3 g5 19. fxg5 Rxf1 20. Rxf1 Rxf1 21. Kxf1 Qxh3+ 22. Ke1 Nxg3 23. Nxg3 Qxg3+ 24. Kd1 Qf3+ 25. Kc1 Qf1+ 26. Kc2 e4 27. Nxc7 exd3+ 28. Qxd3 Qxd3+ 29. Kxd3 Ne5+ 30. Kc3 Kf7 31. Nb5 Kg6 32. Bd4 Nf7 33. Bxg7 Kxg7 34. Kd4 Kg6 35. b4 axb4 36. axb4 Kxg5 37. c5 dxc5+ 38. Kxc5 h5 39. Nd4 Kf4 40. Kb6 h4 41. Ne2+ Kf3 42. Ng1+ Kg2 43. Ne2 Nd8 44. b5 Ne6 0-1

[Event "Bruges op"]
[Site "Bruges"]
[Date "1995.??.??"]
[Round "?"]
[White "Riemersma, Liafbern"]
[Black "Gaspar, Lucien"]
[Result "1-0"]
[WhiteElo "2415"]
[BlackElo "2180"]
[PlyCount "75"]
[EventDate "1995.12.??"]
[EventType "swiss"]
[EventRounds "9"]
[EventCountry "BEL"]
[SourceTitle "EXT 1998"]
[Source "ChessBase"]
[SourceDate "1997.11.17"]
[SourceVersion "1"]
[SourceVersionDate "1997.11.17"]
[SourceQuality "1"]

1. d4 c5 2. d5 Nf6 3. Nc3 d6 4. e4 g6 5. h3 Bg7 6. Nf3 0-0 7. Bd3 e6 8. 0-0 exd5 9. exd5 a6 10. a4 Nbd7 11. Re1 Re8 12. Bf4 Qc7 13. Qd2 b6 14. Rxe8+ Nxe8 15. Re1 Bb7 16. Bh2 Ndf6 17. Bc4 h6 18. Bf4 Kh7 19. Qe3 Rd8 20. Qd3 Ra8 21. Re3 Kg8 22. Qe2 Bf8 23. g4 Qd7 24. Nd2 Nc7 25. Nde4 Nce8 26. Nxf6+ Nxf6 27. Bg3 Re8 28. Rxe8 Qxe8 29. Bxa6 Qxe2 30. Bxe2 Bxd5 31. Nxd5 Nxd5 32. c3 Be7 33. Bf3 Nc7 34. b4 cxb4 35. cxb4 Na6 36. a5 bxa5 37. bxa5 Nb4 38. Bb7 1-0